[Event "Mittelrhein Verbandsliga-W 18/19"]
[Site "Nordrheinwestfalen"]
[Date "2018.11.18"]
[Round "4.4"]
[White "Drose, Daniela"]
[Black "Freialdenhoven, Andreas"]
[Result "1/2-1/2"]
[WhiteElo "1842"]
[BlackElo "1826"]
[PlyCount "29"]
[EventDate "2018.09.02"]
[EventType "team-tourn"]
[EventRounds "11"]
[EventCountry "GER"]
[SourceTitle "EXT 2022"]
[Source "ChessBase"]
[SourceDate "2021.10.06"]
[SourceVersion "1"]
[SourceVersionDate "2021.10.06"]
[SourceQuality "1"]
[WhiteTeam "Aachen PTSV"]
[BlackTeam "Brand SF"]
[WhiteTeamCountry "GER"]
[BlackTeamCountry "GER"]

1. c4 Nf6 2. Nc3 c6 3. Nf3 d5 4. cxd5 cxd5 5. d4 Nc6 6. Bf4 a6 7. e3 e6 8. Rc1 Bb4 9. Bd3 0-0 10. 0-0 Nh5 11. Bg5 Be7 12. Bxe7 Qxe7 13. Na4 Qd8 14. Nc5 Qb6 15. Qe2 1/2-1/2

[Event "Mittelrhein Verbandsliga-W 17/18"]
[Site "Nordrheinwestfalen"]
[Date "2018.03.18"]
[Round "9.3"]
[White "Chraibi, Mohcine"]
[Black "Drose, Daniela"]
[Result "1-0"]
[WhiteElo "1943"]
[BlackElo "1903"]
[PlyCount "121"]
[EventDate "2017.09.10"]
[EventType "team-tourn"]
[EventRounds "11"]
[EventCountry "GER"]
[SourceTitle "EXT 2022"]
[Source "ChessBase"]
[SourceDate "2021.10.06"]
[SourceVersion "1"]
[SourceVersionDate "2021.10.06"]
[SourceQuality "1"]
[WhiteTeam "Lendersdorf"]
[BlackTeam "Aachen PTSV"]
[WhiteTeamCountry "GER"]
[BlackTeamCountry "GER"]

1. e4 d5 2. exd5 Qxd5 3. Nc3 Qd6 4. d4 Nf6 5. Nb5 Qb6 6. Bf4 Na6 7. a4 c6 8. a5 Qd8 9. Nc3 Nb4 10. Ra4 e6 11. Nf3 Bd7 12. Ne5 Nbd5 13. Bd2 Bd6 14. Nxd5 cxd5 15. Nxd7 Qxd7 16. c3 Ne4 17. Be3 0-0 18. Bd3 f5 19. f3 Nf6 20. Bg5 Rae8 21. 0-0 Qc7 22. g3 h6 23. Bxf6 Rxf6 24. f4 Qf7 25. Be2 Re7 26. Qd2 Qe8 27. Raa1 g6 28. Rf3 Rg7 29. c4 dxc4 30. Bxc4 Kh8 31. Re1 g5 32. fxg5 Rxg5 33. Qc3 Kh7 34. Qe3 Rgg6 35. Bd3 Qc6 36. Rc1 Qd7 37. b3 Kh8 38. Rcf1 Qc7 39. Rc1 Qd7 40. Rcf1 Qc7 41. Qe1 Rg8 42. Bc4 Rgg6 43. Qa1 Bxg3 44. hxg3 Rxg3+ 45. Kh1 Rg5 46. Rh3 Kg7 47. Qa4 Qf7 48. Qb5 f4 49. Qb4 Rff5 50. a6 bxa6 51. Qc3 Kf8 52. Qb4+ Kg7 53. Qc3 Kf8 54. d5 exd5 55. Qh8+ Ke7 56. Re1+ Kd7 57. Bxa6 Rg8 58. Bb5+ Kd8 59. Qxh6 d4 60. Qd6+ Kc8 61. Ba6+ 1-0

[Event "Mittelrhein Verbandsliga-W 17/18"]
[Site "Nordrheinwestfalen"]
[Date "2017.10.22"]
[Round "3.4"]
[White "Drose, Daniela"]
[Black "Jaeschke, Hans Joachim"]
[Result "1-0"]
[WhiteElo "1942"]
[BlackElo "1800"]
[PlyCount "63"]
[EventDate "2017.09.10"]
[EventType "team-tourn"]
[EventRounds "11"]
[EventCountry "GER"]
[SourceTitle "EXT 2022"]
[Source "ChessBase"]
[SourceDate "2021.10.06"]
[SourceVersion "1"]
[SourceVersionDate "2021.10.06"]
[SourceQuality "1"]
[WhiteTeam "Aachen PTSV"]
[BlackTeam "Horrem"]
[WhiteTeamCountry "GER"]
[BlackTeamCountry "GER"]

1. c4 Nf6 2. Nc3 d5 3. d4 e6 4. Nf3 Be7 5. Bf4 0-0 6. e3 a6 7. cxd5 Nxd5 8. Nxd5 exd5 9. Qb3 c6 10. Bd3 Qa5+ 11. Ke2 Nd7 12. Rac1 Nf6 13. Ne5 Nh5 14. Bg3 Nxg3+ 15. hxg3 g6 16. Qc2 f5 17. g4 Kg7 18. gxf5 Bxf5 19. Bxf5 Rxf5 20. g4 Rf6 21. f4 Bd6 22. Kf3 Qc7 23. g5 Rf5 24. Qh2 h5 25. Nxg6 Qf7 26. Qxh5 Qxg6 27. Qxg6+ Kxg6 28. Rh6+ Kf7 29. Rxd6 Ke7 30. Rh6 Rg8 31. Kg4 Rf7 32. Rch1 1-0

[Event "Mittelrhein Verbandsliga-W 17/18"]
[Site "Nordrheinwestfalen"]
[Date "2017.09.10"]
[Round "1.3"]
[White "Schauff, Lutz"]
[Black "Drose, Daniela"]
[Result "1/2-1/2"]
[WhiteElo "1984"]
[BlackElo "1942"]
[PlyCount "31"]
[EventDate "2017.09.10"]
[EventType "team-tourn"]
[EventRounds "11"]
[EventCountry "GER"]
[SourceTitle "EXT 2022"]
[Source "ChessBase"]
[SourceDate "2021.10.06"]
[SourceVersion "1"]
[SourceVersionDate "2021.10.06"]
[SourceQuality "1"]
[WhiteTeam "Kerpen SK"]
[BlackTeam "Aachen PTSV"]
[WhiteTeamCountry "GER"]
[BlackTeamCountry "GER"]

1. d4 d5 2. Nf3 Nf6 3. Bf4 Bf5 4. c4 c6 5. Qb3 Qb6 6. c5 Qxb3 7. axb3 Na6 8. Na3 Ne4 9. Nd2 Nb4 10. f3 Nf6 11. g4 Bg6 12. h4 h5 13. g5 Nd7 14. Bh3 e6 15. 0-0 Be7 16. Bc7 1/2-1/2

[Event "Mittelrhein Verbandsliga-W 16/17"]
[Site "Nordrheinwestfalen"]
[Date "2017.04.30"]
[Round "11.3"]
[White "Flatten, Arnold"]
[Black "Drose, Daniela"]
[Result "1-0"]
[WhiteElo "2043"]
[BlackElo "1955"]
[PlyCount "145"]
[EventDate "2016.09.11"]
[EventType "team-tourn"]
[EventRounds "11"]
[EventCountry "GER"]
[SourceTitle "EXT 2022"]
[Source "ChessBase"]
[SourceDate "2021.10.06"]
[SourceVersion "1"]
[SourceVersionDate "2021.10.06"]
[SourceQuality "1"]
[WhiteTeam "Lendersdorf"]
[BlackTeam "Aachen PTSV"]
[WhiteTeamCountry "GER"]
[BlackTeamCountry "GER"]

1. e4 d5 2. exd5 Qxd5 3. Nc3 Qd6 4. d4 Nf6 5. Bc4 a6 6. Nge2 b5 7. Bf4 Qc6 8. Bb3 Qxg2 9. Rg1 Qb7 10. Qd3 g6 11. 0-0-0 Bf5 12. Qe3 Nbd7 13. Ng3 Bg4 14. Rd3 Nb6 15. f3 Bd7 16. Nce4 Nxe4 17. Nxe4 Bg7 18. Be5 0-0 19. Qg5 Nc4 20. Bxg7 Kxg7 21. Qxe7 Be6 22. Nf6 Nd6 23. Bxe6 c6 24. Nh5+ Kg8 25. Qxd6 fxe6 26. Qxe6+ Qf7 27. Nf6+ Kh8 28. Qxf7 Rxf7 29. Ng4 Re8 30. Ne5 Rf6 31. Re1 Kg7 32. Kd2 Rfe6 33. Rde3 Rd8 34. c3 c5 35. Re4 b4 36. Kd3 a5 37. Ng4 Rxe4 38. Rxe4 h5 39. Ne5 bxc3 40. bxc3 cxd4 41. Rxd4 Rb8 42. h4 Rb7 43. a4 Rb2 44. Ke4 Rc2 45. c4 Kf6 46. Kd5 Re2 47. Rf4+ Kg7 48. c5 Rd2+ 49. Rd4 Re2 50. c6 Kf6 51. Rf4+ Ke7 52. Nxg6+ Kd8 53. Ne5 Rd2+ 54. Ke6 Rc2 55. Rf8+ Kc7 56. Rf7+ Kd8 57. Rh7 Kc8 58. Rxh5 Rg2 59. Rh8+ Kc7 60. h5 Rg7 61. h6 Rg2 62. Rh7+ Kc8 63. Ra7 Rh2 64. h7 Kb8 65. Rg7 Rh6+ 66. Ng6 Rh2 67. h8Q+ Rxh8 68. Nxh8 Kc8 69. Kd6 Kb8 70. c7+ Kc8 71. Rg8+ Kb7 72. c8Q+ Kb6 73. Qc6+ 1-0

[Event "Mittelrhein Verbandsliga-W 16/17"]
[Site "Nordrheinwestfalen"]
[Date "2017.02.19"]
[Round "8.3"]
[White "Drose, Daniela"]
[Black "Olzem, Wolfgang"]
[Result "1-0"]
[WhiteElo "1955"]
[BlackElo "1807"]
[PlyCount "101"]
[EventDate "2016.09.11"]
[EventType "team-tourn"]
[EventRounds "11"]
[EventCountry "GER"]
[SourceTitle "EXT 2022"]
[Source "ChessBase"]
[SourceDate "2021.10.06"]
[SourceVersion "1"]
[SourceVersionDate "2021.10.06"]
[SourceQuality "1"]
[WhiteTeam "Aachen PTSV"]
[BlackTeam "Eilendorf Arminia"]
[WhiteTeamCountry "GER"]
[BlackTeamCountry "GER"]

1. c4 Nf6 2. Nc3 g6 3. g3 Bg7 4. Bg2 c5 5. Nf3 Nc6 6. 0-0 d6 7. d4 cxd4 8. Nxd4 Bd7 9. Nc2 0-0 10. Rb1 Rb8 11. a3 Ne5 12. b3 a6 13. Nd5 b5 14. Nxf6+ Bxf6 15. cxb5 Bxb5 16. Nd4 Qb6 17. Nxb5 Qxb5 18. a4 Qd7 19. Qd5 Qc7 20. Bh6 e6 21. Qd2 Rfc8 22. Rfc1 Qb6 23. Rxc8+ Rxc8 24. Be3 Qc7 25. Rc1 Qxc1+ 26. Qxc1 Rxc1+ 27. Bxc1 a5 28. Ba3 d5 29. Bd6 Nc6 30. e3 Bc3 31. Bf1 Bb4 32. Bc7 Kf8 33. Bd3 Ke7 34. f4 Nd8 35. Ba6 f6 36. Bc8 Nc6 37. Kf2 d4 38. Ba6 dxe3+ 39. Kxe3 Bc5+ 40. Kd3 Nb4+ 41. Kc4 Nxa6 42. Bxa5 Kd7 43. Kb5 e5 44. fxe5 fxe5 45. Kxa6 Kc8 46. Kb5 Bg1 47. h3 e4 48. Kc4 Kb7 49. Be1 e3 50. Kd3 Kb6 51. b4 1-0

[Event "Mittelrhein Verbandsliga-W 16/17"]
[Site "Nordrheinwestfalen"]
[Date "2016.12.18"]
[Round "5.4"]
[White "Drose, Daniela"]
[Black "Warmowski, Pawel"]
[Result "1-0"]
[WhiteElo "1941"]
[BlackElo "1906"]
[PlyCount "132"]
[EventDate "2016.09.11"]
[EventType "team-tourn"]
[EventRounds "11"]
[EventCountry "GER"]
[SourceTitle "EXT 2022"]
[Source "ChessBase"]
[SourceDate "2021.10.06"]
[SourceVersion "1"]
[SourceVersionDate "2021.10.06"]
[SourceQuality "1"]
[WhiteTeam "Aachen PTSV"]
[BlackTeam "Pulheim"]
[WhiteTeamCountry "GER"]
[BlackTeamCountry "GER"]

1. c4 Nf6 2. Nc3 g6 3. g3 Bg7 4. Bg2 c6 5. e4 d6 6. d4 0-0 7. Nf3 d5 8. e5 Ng4 9. cxd5 c5 10. h3 cxd4 11. Qxd4 Nh6 12. Bxh6 Bxh6 13. Qh4 Bg7 14. 0-0 e6 15. Qxd8 Rxd8 16. Rad1 exd5 17. Nxd5 Nc6 18. Ne7+ Kf8 19. Nxc6 Rxd1 20. Rxd1 bxc6 21. Rd8+ Ke7 22. Rg8 Bf8 23. Ng5 Bb7 24. Nxh7 Bh6 25. Rxa8 Bxa8 26. f4 Bb7 27. Kf2 Bc8 28. Nf6 Bg7 29. g4 Be6 30. a3 Bd7 31. Ke3 Kd8 32. Kd4 Kc7 33. Ne4 Bf8 34. b4 Be7 35. Ng5 Be8 36. Be4 Kb6 37. h4 f6 38. exf6 Bxf6+ 39. Kc4 Kc7 40. f5 gxf5 41. Bxf5 Kd6 42. Ne4+ Ke5 43. Nxf6 Kxf6 44. Kd4 Bf7 45. Be4 Be6 46. g5+ Kf7 47. Bxc6 Kg6 48. Be8+ Kf5 49. g6 Kf6 50. h5 Kg7 51. Kc5 Bg4 52. a4 Bxh5 53. a5 Bd1 54. b5 Kf8 55. Bf7 Be2 56. b6 axb6+ 57. axb6 Ba6 58. Kc6 Kg7 59. Kc7 Kf6 60. Bc4 Bxc4 61. b7 Kxg6 62. b8Q Be6 63. Qf8 Kg5 64. Kd6 Bf5 65. Ke5 Bg6 66. Qf4+ Kh5 1-0

[Event "Mittelrhein Regionalliga 15/16"]
[Site "Nordrheinwestfalen"]
[Date "2015.09.27"]
[Round "1.5"]
[White "Finke, Kai"]
[Black "Drose, Daniela"]
[Result "1/2-1/2"]
[WhiteElo "2074"]
[BlackElo "1956"]
[PlyCount "71"]
[EventDate "2015.09.27"]
[EventType "team-tourn"]
[EventRounds "9"]
[EventCountry "GER"]
[SourceTitle "EXT 2022"]
[Source "ChessBase"]
[SourceDate "2021.10.06"]
[SourceVersion "1"]
[SourceVersionDate "2021.10.06"]
[SourceQuality "1"]
[WhiteTeam "Porz SG III"]
[BlackTeam "Aachen PTSV"]
[WhiteTeamCountry "GER"]
[BlackTeamCountry "GER"]

1. d4 Nf6 2. c4 g6 3. Nc3 d5 4. cxd5 Nxd5 5. e4 Nxc3 6. bxc3 Bg7 7. Bc4 0-0 8. Be3 c5 9. Ne2 Nc6 10. Rc1 Bd7 11. h4 h5 12. Qd2 cxd4 13. cxd4 Qa5 14. f4 Qxd2+ 15. Kxd2 Bg4 16. d5 Rfd8 17. Ke1 Na5 18. Bd3 e6 19. Bd2 b6 20. Bxa5 bxa5 21. Bc4 Rab8 22. Rc2 Rb1+ 23. Nc1 Bb2 24. Kf2 Bd4+ 25. Kg3 exd5 26. Bxd5 Rc8 27. Rxc8+ Bxc8 28. Kh2 Be3 29. Nd3 Rxh1+ 30. Kxh1 Kg7 31. g3 f6 32. Kg2 Bg4 33. e5 Be2 34. exf6+ Kxf6 35. Ne5 Bb5 36. Be4 1/2-1/2

[Event "Maastricht Limburg op-A 9th"]
[Site "Maastricht"]
[Date "2015.05.24"]
[Round "4"]
[White "Drose, Daniela"]
[Black "Geurink, Jasper"]
[Result "0-1"]
[WhiteElo "1977"]
[BlackElo "2354"]
[PlyCount "68"]
[EventDate "2015.05.22"]
[EventType "swiss"]
[EventRounds "7"]
[EventCountry "NED"]
[SourceTitle "CBM 166 Extra"]
[Source "ChessBase"]
[SourceDate "2015.06.18"]
[SourceVersion "1"]
[SourceVersionDate "2015.06.18"]
[SourceQuality "1"]

1. e4 e6 2. d4 d5 3. Nd2 Nf6 4. e5 Nfd7 5. Bd3 c5 6. c3 Nc6 7. Ne2 cxd4 8. cxd4 f6 9. exf6 Nxf6 10. Nf3 Qc7 11. 0-0 Bd6 12. Bg5 0-0 13. Nc3 a6 14. Bh4 Nh5 15. Ng5 g6 16. Nf3 Qg7 17. Bc2 Bd7 18. Na4 Rxf3 19. Qxf3 Nxd4 20. Qd1 Nxc2 21. Qxc2 Qd4 22. g3 Bxa4 23. b3 Bc6 24. Rad1 Qg7 25. Rfe1 e5 26. Bg5 Qf7 27. Qe2 Ng7 28. Qf1 Ne6 29. Bc1 Nd4 30. Rxd4 exd4 31. Qd3 Re8 32. Rd1 Bc5 33. Bb2 Bb5 34. Qc2 Re2 0-1

[Event "Maastricht Limburg op-B 8th"]
[Site "Maastricht"]
[Date "2014.06.08"]
[Round "5"]
[White "Drose, Daniela"]
[Black "Kuryliw, Ray"]
[Result "0-1"]
[WhiteElo "1952"]
[BlackElo "1884"]
[PlyCount "128"]
[EventDate "2014.06.06"]
[EventType "swiss"]
[EventRounds "7"]
[EventCountry "NED"]
[SourceTitle "EXT 2015"]
[Source "ChessBase"]
[SourceDate "2014.11.20"]
[SourceVersion "1"]
[SourceVersionDate "2014.11.20"]
[SourceQuality "1"]

1. d4 d5 2. c4 c6 3. Nc3 Nf6 4. g3 dxc4 5. Bg2 e6 6. Nf3 Nbd7 7. 0-0 Be7 8. e4 0-0 9. Qc2 Re8 10. h3 a6 11. Be3 b5 12. Ne5 Nxe5 13. dxe5 Nd7 14. f4 Nc5 15. Rad1 Qc7 16. f5 Bf8 17. g4 Bb7 18. Bf4 Rad8 19. Rxd8 Qxd8 20. Ne2 Qd3 21. Qd1 Qxd1 22. Rxd1 Nd3 23. fxe6 fxe6 24. b3 Nxf4 25. Nxf4 cxb3 26. axb3 Bc5+ 27. Kh2 Kf7 28. h4 Bf8 29. g5 c5 30. Rd7+ Re7 31. Rd6 c4 32. bxc4 bxc4 33. Bf1 Rc7 34. Rd4 c3 35. Bd3 g6 36. Bc2 Bc5 37. Rd8 Be3 38. Ne2 a5 39. Rh8 Kg7 40. Rd8 Ba6 41. Nd4 Bxd4 42. Rxd4 Kf7 43. Kg3 Ke7 44. Kf4 Bb5 45. Ke3 a4 46. Rb4 Bd7 47. Kd4 a3 48. Rb1 Ba4 49. Kd3 Rd7+ 50. Kxc3 Rc7+ 51. Kb4 Bxc2 52. Rc1 a2 53. Ka3 a1R+ 54. Rxa1 Ra7+ 55. Kb2 Rxa1 56. Kxa1 Bxe4 57. Kb2 Kd7 58. Kc3 Kc6 59. Kd4 Bd5 60. Ke3 Kc5 61. Kd3 Ba2 62. Ke4 Bb1+ 63. Ke3 Kd5 64. Kf4 Bc2 0-1

[Event "Maastricht Limburg op-B 8th"]
[Site "Maastricht"]
[Date "2014.06.06"]
[Round "1"]
[White "Drose, Daniela"]
[Black "Rache, Ralf"]
[Result "1/2-1/2"]
[WhiteElo "1952"]
[BlackElo "1832"]
[PlyCount "34"]
[EventDate "2014.06.06"]
[EventType "swiss"]
[EventRounds "7"]
[EventCountry "NED"]
[SourceTitle "EXT 2015"]
[Source "ChessBase"]
[SourceDate "2014.11.20"]
[SourceVersion "1"]
[SourceVersionDate "2014.11.20"]
[SourceQuality "1"]

1. c4 Nf6 2. g3 g6 3. Bg2 Bg7 4. Nc3 c5 5. e3 0-0 6. Nge2 d6 7. 0-0 Nc6 8. d3 Bg4 9. Qc2 Qd7 10. Nf4 e5 11. Nfd5 Bh3 12. Nxf6+ Bxf6 13. Nd5 Bg7 14. Bxh3 Qxh3 15. a3 Qd7 16. Rb1 Ne7 17. Nxe7+ Qxe7 1/2-1/2

[Event "Solingen Karneval op"]
[Site "Solingen"]
[Date "2014.03.02"]
[Round "4"]
[White "Vogt, Thomas"]
[Black "Drose, Daniela"]
[Result "1-0"]
[WhiteElo "2139"]
[BlackElo "1954"]
[PlyCount "109"]
[EventDate "2014.02.28"]
[EventType "swiss"]
[EventRounds "5"]
[EventCountry "GER"]
[SourceTitle "EXT 2016"]
[Source "ChessBase"]
[SourceDate "2015.10.08"]
[SourceVersion "1"]
[SourceVersionDate "2015.10.08"]
[SourceQuality "1"]

1. d4 Nf6 2. Nf3 e6 3. g3 d5 4. Bg2 c5 5. c3 Nc6 6. Bf4 Qb6 7. Bc1 cxd4 8. cxd4 Bb4+ 9. Nc3 Ne4 10. Qd3 Qa5 11. Bd2 Bxc3 12. bxc3 b6 13. c4 Nxd2 14. Nxd2 Nb4 15. Qb1 Qa4 16. 0-0 Bd7 17. cxd5 Nxd5 18. e3 Nc3 19. Qb2 Rc8 20. Nf3 Bb5 21. Rfe1 0-0 22. Ne5 Rc7 23. Qd2 Rfc8 24. h4 Nd5 25. Rec1 Rc2 26. Qe1 Qa3 27. Rxc2 Rxc2 28. Be4 Re2 29. Qc1 Qxc1+ 30. Rxc1 g6 31. Bxd5 exd5 32. Rc8+ Kg7 33. Rc7 Rxa2 34. Rxf7+ Kg8 35. Rb7 Ra1+ 36. Kh2 Ra2 37. Kg2 Be2 38. Nd7 Bd3 39. g4 Be4+ 40. Kg3 Ra1 41. f3 Bd3 42. Kf4 b5 43. Ke5 Ra6 44. Nc5 Ra3 45. Kf6 h5 46. gxh5 gxh5 47. f4 Be2 48. Ne6 Ra6 49. f5 Rb6 50. Rxa7 Rb8 51. Kg5 Bg4 52. Nf4 Rf8 53. f6 Rf7 54. Ra8+ Kh7 55. Ng6 1-0

[Event "Solingen Karneval op"]
[Site "Solingen"]
[Date "2014.03.01"]
[Round "2"]
[White "Inkiov, Ventzislav"]
[Black "Drose, Daniela"]
[Result "1-0"]
[WhiteElo "2419"]
[BlackElo "1954"]
[PlyCount "49"]
[EventDate "2014.02.28"]
[EventType "swiss"]
[EventRounds "5"]
[EventCountry "GER"]
[SourceTitle "EXT 2016"]
[Source "ChessBase"]
[SourceDate "2015.10.08"]
[SourceVersion "1"]
[SourceVersionDate "2015.10.08"]
[SourceQuality "1"]

1. d4 Nf6 2. c4 e6 3. Nf3 d5 4. g3 c6 5. Bg2 Be7 6. 0-0 0-0 7. Nc3 Nbd7 8. Qd3 dxc4 9. Qxc4 Nd5 10. e4 Nxc3 11. bxc3 Qa5 12. Bd2 e5 13. Qb3 exd4 14. cxd4 Qh5 15. h3 Kh8 16. g4 Qg6 17. Rfe1 h5 18. g5 Nb6 19. Nh4 Qe6 20. d5 Qd6 21. Qf3 g6 22. Bf4 Qd8 23. Qg3 Bb4 24. Red1 Bc5 25. Qc3+ 1-0

[Event "Solingen Karneval op"]
[Site "Solingen"]
[Date "2013.02.09"]
[Round "2"]
[White "Drose, Daniela"]
[Black "Marcziter, Dmitrii"]
[Result "0-1"]
[WhiteElo "1954"]
[BlackElo "2259"]
[PlyCount "90"]
[EventDate "2013.02.08"]
[EventType "swiss"]
[EventRounds "5"]
[EventCountry "GER"]
[SourceTitle "EXT 2015"]
[Source "ChessBase"]
[SourceDate "2014.11.20"]
[SourceVersion "1"]
[SourceVersionDate "2014.11.20"]
[SourceQuality "1"]

1. c4 e6 2. g3 d5 3. Bg2 Nf6 4. Nf3 c5 5. 0-0 Nc6 6. d4 Be7 7. Nc3 0-0 8. cxd5 exd5 9. e3 Bg4 10. dxc5 Bxc5 11. Qb3 Qd7 12. Ne2 Bb6 13. Nf4 Rfe8 14. h3 Bf5 15. Rd1 Na5 16. Qb4 Bc2 17. Rd2 Rac8 18. b3 Re4 19. Nd4 Bxd4 20. exd4 Nc6 21. Qa4 Re1+ 22. Kh2 Qf5 23. Qb5 Bb1 24. Bb2 Rce8 25. Qxb7 Nd8 26. Qb5 a6 27. Qxa6 g5 28. Nd3 R1e6 29. g4 Nxg4+ 30. hxg4 Qxg4 31. Ne1 Rxa6 32. Rxb1 Qf4+ 33. Kg1 Qxd2 34. Nf3 Qc2 35. Re1 Ne6 36. Bc1 Rxa2 37. Be3 g4 38. Ne5 g3 39. Rf1 Qxb3 40. Ng4 gxf2+ 41. Bxf2 Nf4 42. Nh6+ Kf8 43. Nf5 Nh3+ 44. Bxh3 Qxh3 45. Ne3 Ra6 0-1

[Event "Solingen Karneval op"]
[Site "Solingen"]
[Date "2013.02.09"]
[Round "3"]
[White "Vollenbroeker, Florian"]
[Black "Drose, Daniela"]
[Result "0-1"]
[WhiteElo "1536"]
[BlackElo "1954"]
[PlyCount "70"]
[EventDate "2013.02.08"]
[EventType "swiss"]
[EventRounds "5"]
[EventCountry "GER"]
[SourceTitle "EXT 2015"]
[Source "ChessBase"]
[SourceDate "2014.11.20"]
[SourceVersion "1"]
[SourceVersionDate "2014.11.20"]
[SourceQuality "1"]

1. e4 c6 2. d4 d5 3. e5 c5 4. Nc3 Nc6 5. Bb5 e6 6. Nf3 Bd7 7. Bxc6 bxc6 8. 0-0 cxd4 9. Qxd4 c5 10. Qg4 Qb6 11. Re1 Ne7 12. b3 Nf5 13. Ne2 Be7 14. c3 a5 15. Bg5 h5 16. Qf4 f6 17. exf6 gxf6 18. Bh4 Kf7 19. Qd2 Rag8 20. Ng3 Nxh4 21. Nxh4 Rg4 22. Nf3 h4 23. h3 Rg7 24. Ne2 e5 25. Qxd5+ Be6 26. Nxe5+ fxe5 27. Qxe5 Bd6 28. Qe3 Qb7 29. Nf4 Bf5 30. f3 Qb8 31. Qd2 Bxf4 32. Qd5+ Kf6 33. Rad1 Qc7 34. Qxf5+ Kxf5 35. Rd5+ Kf6 0-1

[Event "Maastricht Limburg op-B 6th"]
[Site "Maastricht"]
[Date "2012.05.27"]
[Round "5"]
[White "Lemmen, Raoul"]
[Black "Drose, Daniela"]
[Result "0-1"]
[WhiteElo "1907"]
[BlackElo "1964"]
[PlyCount "82"]
[EventDate "2012.05.25"]
[EventType "swiss"]
[EventRounds "7"]
[EventCountry "NED"]
[SourceTitle "EXT 2013"]
[Source "ChessBase"]
[SourceDate "2012.11.22"]
[SourceVersion "1"]
[SourceVersionDate "2012.11.22"]
[SourceQuality "1"]

1. d4 Nf6 2. c4 e6 3. Nc3 d5 4. Bg5 Bb4 5. e3 Nbd7 6. Bd3 c5 7. cxd5 exd5 8. Nge2 Qa5 9. 0-0 0-0 10. dxc5 Re8 11. Rc1 Bxc3 12. Nxc3 Ne4 13. Bxe4 dxe4 14. Nd5 f6 15. Bh4 Ne5 16. b4 Qd8 17. Bg3 Bg4 18. f3 exf3 19. gxf3 Be6 20. e4 Rc8 21. a4 Qd7 22. Nf4 Qxd1 23. Rcxd1 Bb3 24. Ra1 Rcd8 25. Kg2 Rd4 26. Ra3 Bf7 27. Nd5 Bxd5 28. exd5 Rxd5 29. Re3 Red8 30. Bxe5 Rxe5 31. Rxe5 fxe5 32. Re1 Rd5 33. Re4 Kf7 34. Kg3 Kf6 35. Kg4 g5 36. Kh5 Rd3 37. Kg4 h5+ 38. Kg3 g4 39. Rc4 Rxf3+ 40. Kg2 Rf4 41. c6 Rxc4 0-1

[Event "GER-chT Federal Cup (Women)"]
[Site "Germany"]
[Date "2011.06.16"]
[Round "1.3"]
[White "Drose, Daniela"]
[Black "Juszczak, Anna"]
[Result "1-0"]
[WhiteElo "1961"]
[BlackElo "2025"]
[PlyCount "119"]
[EventDate "2011.06.16"]
[EventType "team-swiss"]
[EventRounds "5"]
[EventCountry "GER"]
[SourceTitle "EXT 2012"]
[Source "ChessBase"]
[SourceDate "2011.11.24"]
[SourceVersion "1"]
[SourceVersionDate "2011.11.24"]
[SourceQuality "1"]
[WhiteTeam "Nordrhein Westfalen II"]
[BlackTeam "Baden"]
[WhiteTeamCountry "GER"]
[BlackTeamCountry "GER"]

1. c4 e6 2. Nc3 Nf6 3. g3 d5 4. d4 c6 5. Bg2 Bd6 6. Nf3 Nbd7 7. 0-0 0-0 8. e4 Nxe4 9. Nxe4 dxe4 10. Ng5 Nf6 11. Nxe4 Nxe4 12. Bxe4 Qf6 13. f4 c5 14. Be3 Rd8 15. Qh5 cxd4 16. Qxh7+ Kf8 17. Bd2 Rb8 18. Rae1 g6 19. Qh6+ Kg8 20. f5 Bf8 21. Bg5 Bxh6 22. Bxf6 exf5 23. Bxd8 fxe4 24. Bc7 Ra8 25. Rxe4 Be3+ 26. Kg2 Bf5 27. Re7 Bg5 28. Re5 d3 29. Rd1 Rc8 30. Ba5 Rxc4 31. Re8+ Kg7 32. Bc3+ Bf6 33. Bxf6+ Kxf6 34. Rd2 Rd4 35. Kf2 Be6 36. Ke3 Rb4 37. a3 Rb3 38. Rd8 Bc4 39. Rd4 Ba6 40. Rd7 Rb6 41. Rf2+ Ke5 42. Rdxf7 Bc4 43. Rc7 Kd5 44. Rd7+ Ke5 45. b4 Ra6 46. Rc7 Kd5 47. Rc5+ Ke6 48. Rxc4 Rxa3 49. Re4+ Kd6 50. Rf6+ Kd5 51. Rd4+ Ke5 52. Rfd6 d2+ 53. Kxd2 Kf5 54. Rf4+ Kg5 55. h4+ Kh6 56. Rg4 a5 57. Rdxg6+ Kh7 58. Rg7+ Kh6 59. Rxb7 axb4 60. Rbxb4 1-0

[Event "Dortmund Sparkassen op-B"]
[Site "Dortmund"]
[Date "2008.07.01"]
[Round "2"]
[White "Drose, Daniela"]
[Black "Heyder, Siegfried"]
[Result "1-0"]
[WhiteElo "1924"]
[BlackElo "1404"]
[PlyCount "63"]
[EventDate "2008.06.30"]
[EventType "swiss"]
[EventRounds "9"]
[EventCountry "GER"]
[SourceTitle "EXT 2022"]
[Source "ChessBase"]
[SourceDate "2021.10.06"]
[SourceVersion "1"]
[SourceVersionDate "2021.10.06"]
[SourceQuality "1"]

1. e4 c5 2. c3 g6 3. d4 e6 4. Be3 Qc7 5. Nf3 Nf6 6. Bd3 b6 7. Na3 a6 8. dxc5 Bxc5 9. Nd4 Bb7 10. f3 0-0 11. Qd2 Rd8 12. Nc4 d5 13. Bf4 Qe7 14. exd5 exd5+ 15. Ne3 Nbd7 16. 0-0 Bd6 17. Bxd6 Qxd6 18. Rae1 Re8 19. Bb1 Re5 20. f4 Ree8 21. f5 g5 22. Ng4 Nxg4 23. Qxg5+ Kh8 24. Qxg4 Rg8 25. Qh3 Nf6 26. Re3 Rg5 27. Qf3 Ng4 28. Qg3 Qh6 29. Re7 Rag8 30. Nf3 Rxf5 31. Bxf5 Ne3 32. Qe5+ 1-0

[Event "Dortmund op-A"]
[Site "Dortmund"]
[Date "2007.07.01"]
[Round "9"]
[White "Rosenauer, Horst"]
[Black "Drose, Daniela"]
[Result "0-1"]
[WhiteElo "1810"]
[BlackElo "1866"]
[PlyCount "150"]
[EventDate "2007.06.22"]
[EventType "swiss"]
[EventRounds "9"]
[EventCountry "GER"]
[SourceTitle "EXT 2008"]
[Source "ChessBase"]
[SourceDate "2007.11.25"]
[SourceVersion "1"]
[SourceVersionDate "2007.11.25"]
[SourceQuality "1"]

1. e4 d5 2. exd5 Nf6 3. d4 Bg4 4. Be2 Bxe2 5. Nxe2 Qxd5 6. 0-0 e6 7. Bf4 Qd7 8. Re1 Nc6 9. c3 Be7 10. Ng3 Nd5 11. Be3 Nf6 12. Nd2 Rd8 13. Nf3 0-0 14. Qe2 Qc8 15. Rad1 Rfe8 16. Qc2 h6 17. Re2 Bf8 18. Bf4 Nd5 19. Bd2 Nde7 20. Rde1 Ng6 21. h3 Qd7 22. Nh5 Be7 23. Rxe6 Qd5 24. Rxg6 fxg6 25. Qxg6 Qf7 26. Qg4 Kh7 27. Nf4 Bd6 28. Rxe8 Rxe8 29. Nd3 Qg6 30. Qxg6+ Kxg6 31. Kf1 Kf6 32. Be3 a6 33. a3 Na5 34. Nd2 b5 35. Ke2 Nc4 36. Nxc4 bxc4 37. Ne1 Bf4 38. Nc2 g5 39. Kd2 Rb8 40. Kc1 a5 41. g3 Bd6 42. Ne1 Re8 43. Ng2 Kf5 44. Kd1 Ke4 45. Ke2 Kf5 46. Kf3 Rb8 47. Bc1 c5 48. Ne3+ Ke6 49. d5+ Ke5 50. Ke2 a4 51. f4+ gxf4 52. gxf4+ Ke4 53. Nxc4 Kxd5 54. Kd3 Bc7 55. Ne3+ Kc6 56. Ke4 Rg8 57. Ng4 Re8+ 58. Ne5+ Kd6 59. Kf5 Kd5 60. Nf3 Rf8+ 61. Kg4 h5+ 62. Kg5 Ke4 63. Nd2+ Kd3 64. Nf1 Kc2 65. Be3 Kxb2 66. Bxc5 Rxf4 67. Ne3 Rf3 68. Nd5 Bd8+ 69. Kg6 h4 70. Nb6 Bxb6 71. Bxb6 Rxh3 72. c4 Kxa3 73. Kg5 Kb4 74. c5 Kb5 75. Kg4 Rh1 0-1